000 00253nam a2200097Ia 4500
001 644262
005 20250826153601.0
008 250824s9999 xx 000 0 und d
245 0 _aSEFİLLER GENÇLİK KLASİKLERİ
_cVICTOR HUGO
260 _bTİMAŞ ÇOCUK
999 _c644262
_d644262